State Quiz - Alagoas - Statistics

General Stats
  • This quiz has been taken 38 times
  • The average score is 8 of 15
Answer Stats
Hint Answer % Correct
States of Brazil that Alagoas borders Pernambuco
94%
States of Brazil that Alagoas borders Sergipe
94%
State capital Maceió
91%
States of Brazil that Alagoas borders Bahia
83%
Second largest city Arapiraca
80%
Alagoas born Deodoro da Fonseca and Floriano Peixoto were the first two________s of Brazil President
71%
River that drains into the Atlantic Ocean at the southern tip of Alagoas São Francisco
71%
Palmares was the largest and most famous _______ in Brazilian history Quilombo
40%
What are Mundaú and Manguaba? Lagoons
37%
Alagoas is the second ______ Brazilian state in terms of area Smallest
31%
Transition region between the dry interior Sertão and the coastal Zona da Mata The {Agreste}
29%
Which is a community mainly made up of escaped _____s Slave
26%
In December 2011, Alagoas became the first state of Brazil to legalize this Gay marriage
20%
And unfortunately has the second lowest ___ score in Brazil, only above Maranhão HDI
17%
Largest agricultural export Sugar
17%
No matching quizzes found
Score Distribution
Percent of People with Each Score
Percentile by Number Answered
Your Score History
You have not taken this quiz